Quantity surveyor’s pocket book

Saved in:
Bibliographic Details
Main Author: CARTLIDGE, Duncan P.
Format: Book
Language:English
Published: Routledge, 2013
Tags: Add Tag
No Tags, Be the first to tag this record!

MARC

LEADER 00000nam a22000007a 4500
008 210427b ||||| |||| 00| 0 eng d
020 |a  978-0-415-50110-1 
100 |a CARTLIDGE, Duncan P. 
245 |a Quantity surveyor’s pocket book  |c Duncan Cartlidge P.  |g xii, 423p; ill. 
250 |b 2nd ed. 
260 |b Routledge,   |c 2013  |h New York  |i 680839   |i 690840  |i 689686  |l TH435 .C24  |m Quantity surveying – Handbooks, manuals, etc 
500 |a “It includes index”. 
942 |a lcc  |c BK  |e Adekanye, I. H.  |f 27/04/2021 
952 |0 0  |1 0  |2 lcc  |4 0  |6 TH0435 C24  |7 0  |9 2353  |a HOL  |b EDM  |c QZ  |d 2021-04-27  |l 0  |o TH435 .C24  |p 2021-6207  |r 2021-04-27 00:00:00  |w 2021-04-27  |y BK 
952 |0 0  |1 0  |2 lcc  |4 0  |6 TH0435 C24  |7 0  |9 2354  |a HOL  |b RF  |c QZ  |d 2021-04-27  |l 0  |o TH435 .C24  |p 2021-6208  |r 2021-04-27 00:00:00  |w 2021-04-27  |y BK 
952 |0 0  |1 0  |2 lcc  |4 0  |6 TH0435 C24  |7 0  |9 2355  |a HOL  |b HOL  |c QZ  |d 2021-04-27  |l 0  |o TH435 .C24  |p 2021-6209  |r 2021-04-27 00:00:00  |w 2021-04-27  |y BK 
999 |c 1215  |d 1215